[Event "100th anniversary Efim Geller Blitz"]
[Site "Odesa"]
[Date "2025.11.29"]
[Round "10.10"]
[White "Borodavkin, Anatoly"]
[Black "Bagiryan, Vigen"]
[Result "1/2-1/2"]
[WhiteElo "1936"]
[BlackElo "2132"]
[Annotator "IA Prokhorov Oleksandr"]
[PlyCount "94"]
[EventDate "2025.11.29"]
[EventType "swiss (blitz)"]
[EventRounds "11"]
[EventCountry "UKR"]

1. e4 c5 2. Nc3 Nc6 3. g3 g6 4. Bg2 Bg7 5. d3 Nf6 6. f4 d6 7. Nf3 h5 8. h3 a6
9. O-O b5 10. Be3 Bb7 11. Qd2 Nd7 12. Rab1 Nb6 13. f5 b4 14. Ne2 gxf5 15. exf5
Bf6 16. d4 Nc4 17. Qc1 Nxe3 18. Qxe3 cxd4 19. Nfxd4 Qb6 20. c3 Nxd4 21. Nxd4
Bxg2 22. Kxg2 Rg8 23. Rbe1 Rc8 24. Rf3 bxc3 25. bxc3 Qa5 26. Re2 Kd7 27. Qe4
Rc7 28. Nb3 Qb6 29. c4 Rgc8 30. c5 dxc5 31. Rd3+ Ke8 32. Qc4 Qb5 33. Rc2 Qxc4
34. Rxc4 Rc6 35. Rd5 Rd6 36. Rdxc5 Rxc5 37. Rxc5 Rd3 38. Rc8+ Kd7 39. Nc5+ Kxc8
40. Nxd3 Kc7 41. Nf4 h4 42. Nd5+ Kd6 43. Nxf6 exf6 44. gxh4 Ke5 45. Kg3 Kxf5
46. Kf3 a5 47. a4 Ke5 1/2-1/2

[Event "100th anniversary Efim Geller Blitz"]
[Site "Odesa"]
[Date "2025.11.29"]
[Round "11.1"]
[White "Snigurov, Maxim"]
[Black "Tobak, Mikhail"]
[Result "1-0"]
[WhiteElo "2359"]
[BlackElo "2299"]
[Annotator "IA Prokhorov Oleksandr"]
[PlyCount "129"]
[EventDate "2025.11.29"]
[EventType "swiss (blitz)"]
[EventRounds "11"]
[EventCountry "UKR"]

1. b3 e5 2. Bb2 d6 3. c4 g6 4. e3 Bg7 5. Nf3 Nd7 6. d4 Qe7 7. Be2 e4 8. Nfd2
Ngf6 9. Nc3 O-O 10. Qc2 Re8 11. O-O-O Nf8 12. Rhe1 c6 13. Ba3 h5 14. f3 exf3
15. Bxf3 Qd8 16. e4 Ng4 17. Nf1 b5 18. h3 Nf6 19. e5 dxe5 20. dxe5 Qa5 21. Bd6
Bf5 22. Qb2 b4 23. Na4 Nd5 24. cxd5 cxd5 25. Rxd5 Rac8+ 26. Kd1 Qa6 27. Ne3 Be6
28. Nc5 Qb6 29. Nc4 Bxd5 30. Nxb6 Bxf3+ 31. gxf3 axb6 32. Ne4 Red8 33. Re2 Ne6
34. Rc2 Ra8 35. Ke1 Ra5 36. Rd2 Nf4 37. Kf1 Rc8 38. Bxb4 Rxe5 39. Bc3 Rxe4 40.
Bxg7 Re3 41. Bd4 Rxf3+ 42. Bf2 Nd3 43. Rxd3 Rxd3 44. Qf6 Rd1+ 45. Ke2 Rdc1 46.
Bd4 Kf8 47. Qd6+ Kg8 48. Qxb6 R1c2+ 49. Kd3 Rc1 50. Qf6 Kf8 51. Qh8+ Ke7 52.
Qe5+ Kf8 53. a4 Rd1+ 54. Ke2 Rdc1 55. Qh8+ Ke7 56. Qe5+ Kf8 57. Kd2 R8c2+ 58.
Kd3 Rc8 59. b4 Rd1+ 60. Ke2 Rdc1 61. Qh8+ Ke7 62. Bc5+ Kd7 63. Qd4+ Kc6 64.
Qd6+ Kb7 65. Qb6+ 1-0

[Event "100th anniversary Efim Geller Blitz"]
[Site "Odesa"]
[Date "2025.11.29"]
[Round "11.2"]
[White "Bliumberg, Vladislav"]
[Black "Kislinsky, Alexey"]
[Result "0-1"]
[WhiteElo "2159"]
[BlackElo "2316"]
[Annotator "IA Prokhorov Oleksandr"]
[PlyCount "55"]
[EventDate "2025.11.29"]
[EventType "swiss (blitz)"]
[EventRounds "11"]
[EventCountry "UKR"]

1. e4 c5 2. Nc3 g6 3. f4 Bg7 4. Nf3 a6 5. a4 Nc6 6. Bc4 e6 7. f5 Nge7 8. fxe6
dxe6 9. d3 b6 10. O-O h6 11. Bd2 g5 12. Kh1 Ng6 13. Qe1 g4 14. Ng1 Nce5 15. Qf2
h5 16. Nge2 h4 17. Nf4 g3 18. Qe2 gxh2 19. Nxg6 Nxg6 20. Rf2 Bd4 21. Be3 h3 22.
Raf1 hxg2+ 23. Rxg2 Bxe3 24. Qxe3 Ra7 25. e5 Bb7 26. Ne4 Bxe4 27. Qxe4 Qa8 28.
Qxa8+ {time} 0-1

[Event "100th anniversary Efim Geller Blitz"]
[Site "Odesa"]
[Date "2025.11.29"]
[Round "11.3"]
[White "Lyakh, Vasiliy"]
[Black "Budnikov, Oleg"]
[Result "0-1"]
[WhiteElo "2329"]
[BlackElo "2376"]
[Annotator "IA Prokhorov Oleksandr"]
[PlyCount "94"]
[EventDate "2025.11.29"]
[EventType "swiss (blitz)"]
[EventRounds "11"]
[EventCountry "UKR"]

1. d4 e6 2. Nf3 c5 3. c3 Nc6 4. e4 d5 5. e5 Nge7 6. Bd3 cxd4 7. cxd4 Nf5 8.
Bxf5 exf5 9. O-O Be6 10. Nc3 Be7 11. Ne2 g5 12. Ne1 f4 13. Qd3 Qd7 14. Bd2
O-O-O 15. Rc1 Kb8 16. Qb3 Rc8 17. f3 f6 18. Nd3 fxe5 19. dxe5 d4 20. Qa4 Nxe5
21. Qxd7 Nxd7 22. Nxd4 Bc4 23. Nf5 Bf6 24. Nb4 Bxf1 25. Rxf1 Rc5 26. g4 a5 27.
Rd1 axb4 28. Bxb4 Rxf5 29. gxf5 Ne5 30. Kg2 Rc8 31. Bc3 Rf8 32. Rd6 Kc8 33. Re6
Nd7 34. Bb4 Rg8 35. Bd6 Bxb2 36. Re2 Bd4 37. Rc2+ Kd8 38. Rd2 Be3 39. Rb2 b6
40. Rc2 Re8 41. Rc7 Bc5 42. Rc6 Bxd6 43. Rxd6 Rf8 44. Rh6 Rxf5 45. Rxh7 Ra5 46.
Kh3 Rxa2 47. Rxd7+ Kxd7 0-1

[Event "100th anniversary Efim Geller Blitz"]
[Site "Odesa"]
[Date "2025.11.29"]
[Round "11.4"]
[White "Golubev, Mikhail"]
[Black "Dovhan, Artem"]
[Result "0-1"]
[WhiteElo "2334"]
[BlackElo "2092"]
[Annotator "IA Prokhorov Oleksandr"]
[PlyCount "74"]
[EventDate "2025.11.29"]
[EventType "swiss (blitz)"]
[EventRounds "11"]
[EventCountry "UKR"]

1. e4 c5 2. Nf3 e6 3. d4 cxd4 4. Nxd4 Nc6 5. Nc3 Bc5 6. Nb3 Bb4 7. Bd3 Nge7 8.
O-O O-O 9. a3 Bxc3 10. bxc3 e5 11. c4 d6 12. a4 Be6 13. Ba3 Qc7 14. Qe2 Ng6 15.
g3 f5 16. exf5 Bxf5 17. Bxf5 Rxf5 18. Rad1 Rf6 19. Qe4 Kh8 20. Rd2 Raf8 21.
Rfd1 Rd8 22. c5 d5 23. Rxd5 Rdf8 24. R5d2 Qf7 25. Qg2 Qc4 26. a5 Nf4 27. gxf4
Rg6 28. fxe5 Rxg2+ 29. Kxg2 Qg4+ 30. Kf1 h5 31. Re2 Qh3+ 32. Kg1 Rf5 33. Rd3
Qg4+ 34. Kf1 Nxe5 35. Rg3 Qc4 36. Bb2 Ng4 37. h3 Rxf2+ {time} 0-1

[Event "100th anniversary Efim Geller Blitz"]
[Site "Odesa"]
[Date "2025.11.29"]
[Round "11.6"]
[White "Ahniannykov, Danylo"]
[Black "Garsky, Vladyslav"]
[Result "0-1"]
[WhiteElo "2067"]
[BlackElo "2176"]
[Annotator "IA Prokhorov Oleksandr"]
[PlyCount "69"]
[EventDate "2025.11.29"]
[EventType "swiss (blitz)"]
[EventRounds "11"]
[EventCountry "UKR"]

1. e4 c6 2. d4 d5 3. exd5 cxd5 4. Bd3 Nf6 5. h3 Nc6 6. c3 g6 7. Qc2 Bg7 8. Nf3
O-O 9. O-O Bd7 10. Bf4 Rc8 11. a3 e6 12. Nbd2 Re8 13. Nb3 b6 14. Ba6 Ne4 15.
Rfe1 Qe7 16. Bxc8 Rxc8 17. Ne5 Nxe5 18. Bxe5 Bxe5 19. dxe5 Ba4 20. c4 Nc5 21.
cxd5 Bxb3 22. Qc3 exd5 23. Rac1 Qd7 24. Qd4 a5 25. Re3 a4 26. Rec3 Qf5 27. Qb4
Qe6 28. Re1 Rd8 29. Qf4 d4 30. Rg3 d3 31. Qd2 Qd5 32. Rge3 Bc2 33. Rf1 Qd4 34.
h4 Nb3 35. Qb4 0-1

[Event "100th anniversary Efim Geller Blitz"]
[Site "Odesa"]
[Date "2025.11.29"]
[Round "11.7"]
[White "Oyberman, Mikhail"]
[Black "Shton, Roman"]
[Result "1/2-1/2"]
[WhiteElo "2102"]
[BlackElo "2119"]
[Annotator "IA Prokhorov Oleksandr"]
[PlyCount "113"]
[EventDate "2025.11.29"]
[EventType "swiss (blitz)"]
[EventRounds "11"]
[EventCountry "UKR"]

1. e4 Nf6 2. e5 Nd5 3. d4 d6 4. exd6 cxd6 5. Nf3 g6 6. Bd3 Bg7 7. O-O O-O 8.
Qe2 Nc6 9. c3 Re8 10. Bc4 Nb6 11. Bb3 Na5 12. Bg5 Nxb3 13. axb3 h6 14. Bh4 Bf5
15. Nbd2 Qd7 16. Rfe1 Nd5 17. Bg3 a6 18. Nc4 b5 19. Ne3 Nxe3 20. fxe3 e5 21.
dxe5 dxe5 22. e4 Bg4 23. Red1 Qe6 24. Rd5 Qc6 25. Rad1 Be6 26. Rd6 Qc5+ 27. Bf2
Qc7 28. b4 Qc4 29. Qxc4 Bxc4 30. Ra1 Red8 31. Raxa6 Rxa6 32. Rxd8+ Kh7 33. Rd1
Ra2 34. Rd2 Ra1+ 35. Be1 h5 36. Ng5+ Kh6 37. Nf3 Kh7 38. Ng5+ Kh6 39. Nf3 Kh7
40. Kf2 Bh6 41. Rd7 Rb1 42. Bd2 Rxb2 43. Kg3 Be6 44. Rd8 Rc2 45. Bxh6 Kxh6 46.
Rd3 Bc4 47. Re3 f6 48. Ne1 Rc1 49. Kf2 Kg7 50. h3 Kf7 51. Nf3 Ke6 52. Nd2 Rc2
53. Ke1 Rc1+ 54. Kf2 Rc2 55. Ke1 Rc1+ 56. Kf2 Rc2 57. Ke1 1/2-1/2

[Event "100th anniversary Efim Geller Blitz"]
[Site "Odesa"]
[Date "2025.11.29"]
[Round "11.8"]
[White "Stets, Vasyl"]
[Black "Makarov, V."]
[Result "1/2-1/2"]
[WhiteElo "2005"]
[BlackElo "2270"]
[Annotator "IA Prokhorov Oleksandr"]
[PlyCount "73"]
[EventDate "2025.11.29"]
[EventType "swiss (blitz)"]
[EventRounds "11"]
[EventCountry "UKR"]

1. d4 Nf6 2. Nf3 e6 3. g3 c5 4. c3 b6 5. Bg2 Bb7 6. O-O Be7 7. b3 O-O 8. Nbd2
cxd4 9. cxd4 d5 10. Bb2 Nbd7 11. Rc1 Rc8 12. a3 Ba6 13. Re1 Rxc1 14. Qxc1 Qb8
15. Qb1 Rc8 16. e3 Rc7 17. Rc1 Qc8 18. Rxc7 Qxc7 19. Bf1 Bxf1 20. Kxf1 b5 21.
Qc1 Qxc1+ 22. Bxc1 a5 23. Ne1 Nb6 24. Nd3 a4 25. Nc5 Kf8 26. b4 Ke8 27. Ke2 Kd8
28. f3 Kc7 29. e4 Kc6 30. Kd3 Nc4 31. Nxc4 bxc4+ 32. Ke3 Bxc5 33. dxc5 e5 34.
exd5+ Kxd5 35. Bb2 Nd7 36. f4 f6 37. Bc3 1/2-1/2

[Event "100th anniversary Efim Geller Blitz"]
[Site "Odesa"]
[Date "2025.11.29"]
[Round "11.9"]
[White "Bagiryan, Vigen"]
[Black "Smotrov, Pavlo"]
[Result "1-0"]
[WhiteElo "2132"]
[BlackElo "2069"]
[Annotator "IA Prokhorov Oleksandr"]
[PlyCount "67"]
[EventDate "2025.11.29"]
[EventType "swiss (blitz)"]
[EventRounds "11"]
[EventCountry "UKR"]

1. e4 c5 2. Nf3 a6 3. b3 b5 4. Bb2 Bb7 5. d3 e6 6. Nbd2 d5 7. exd5 exd5 8. a4
b4 9. d4 Nf6 10. Bd3 Be7 11. O-O O-O 12. Re1 Nc6 13. dxc5 Bxc5 14. Nf1 Qb6 15.
Ne3 Bxe3 16. Rxe3 Ng4 17. Re2 Nd8 18. Nd4 Nf6 19. Re3 Ne6 20. Nf5 Nf4 21. Rg3
Ng6 22. h4 h5 23. Bd4 Qe6 24. Qf3 Ne4 25. Nxg7 Qe7 26. Nxh5 Nxg3 27. Nf6+ Kh8
28. Qxg3 Qe6 29. Qg5 Kg7 30. Nh5+ Kh7 31. Nf6+ Kg7 32. Ng4+ Kg8 33. Qh6 f5 34.
Qg7# 1-0

[Event "100th anniversary Efim Geller Blitz"]
[Site "Odesa"]
[Date "2025.11.29"]
[Round "11.10"]
[White "Nedin, Danylo"]
[Black "Stoliar, Volodymyr"]
[Result "1-0"]
[WhiteElo "1986"]
[BlackElo "1977"]
[Annotator "IA Prokhorov Oleksandr"]
[PlyCount "73"]
[EventDate "2025.11.29"]
[EventType "swiss (blitz)"]
[EventRounds "11"]
[EventCountry "UKR"]

1. e4 e5 2. Nf3 Nc6 3. c3 Nf6 4. d4 d6 5. d5 Ne7 6. Nbd2 g6 7. Bd3 Bg7 8. Qe2
a6 9. Nf1 c6 10. c4 a5 11. Ng3 Nd7 12. h4 h5 13. Ng5 Nc5 14. Bc2 f6 15. Nh3 Qc7
16. b3 Bd7 17. Bb2 Rf8 18. f3 f5 19. Qd2 f4 20. Ne2 Bxh3 21. Rxh3 cxd5 22. cxd5
Rc8 23. Rc1 Kf7 24. Nc3 Qb6 25. Qf2 Qa6 26. Qf1 Qb6 27. Qb5 Qa7 28. Bd1 Nd3+
29. Qxd3 Qg1+ 30. Qf1 Qe3+ 31. Qe2 Qg1+ 32. Qf1 Qe3+ 33. Be2 b5 34. Qf2 b4 35.
Qxe3 fxe3 36. Nb5 Rxc1+ 37. Bxc1 1-0

[Event "100th anniversary Efim Geller Blitz"]
[Site "Odesa"]
[Date "2025.11.29"]
[Round "8.11"]
[White "Skliarov, Viktor"]
[Black "Golubev, Mikhail"]
[Result "1-0"]
[WhiteElo "2297"]
[BlackElo "2334"]
[Annotator "IA Prokhorov Oleksandr"]
[PlyCount "113"]
[EventDate "2025.11.29"]
[EventType "swiss (blitz)"]
[EventRounds "11"]
[EventCountry "UKR"]

1. e4 c5 2. Nf3 d6 3. d4 cxd4 4. Qxd4 Bd7 5. c4 Nc6 6. Qd2 g6 7. b3 Nf6 8. Nc3
Bg7 9. Bb2 O-O 10. Be2 Bg4 11. O-O Nd7 12. Nd5 Bxb2 13. Qxb2 e6 14. Ne3 Bxf3
15. Bxf3 e5 16. Rad1 Nc5 17. g3 Ne6 18. Bg2 Ncd4 19. f4 f6 20. f5 Nc5 21. Rxd4
exd4 22. Qxd4 Nd7 23. fxg6 hxg6 24. Bh3 Qb6 25. Qd5+ Kg7 26. Re1 Ne5 27. Kg2
Rae8 28. Qd2 Qc5 29. Nd5 Nc6 30. Nf4 Qd4 31. Qe2 Qe5 32. Qg4 g5 33. Ne6+ Rxe6
34. Qxe6 Nd4 35. Qxe5 dxe5 36. Rc1 a5 37. c5 Rf7 38. Rc4 Rc7 39. Kf2 Kf8 40.
Bf5 Ke7 41. h4 gxh4 42. gxh4 Ne6 43. Bxe6 Kxe6 44. Rc1 f5 45. exf5+ Kxf5 46.
Ke3 Rh7 47. Rh1 Rh5 48. a3 e4 49. Kd4 Ke6 50. b4 axb4 51. axb4 b6 52. cxb6 Rb5
53. Kc4 Rxb6 54. h5 e3 55. h6 e2 56. h7 Rb8 57. Kd3 1-0